• 首页
  • 本馆介绍
  • 公告通知
  • 最新文献
  • 馆藏检索
  • 电子资源
  • 读者导购
  • 参考咨询
  • 我的图书馆
  • 登录
  • 详细信息显示
  • 放入我的书架
  • 预约/预借图书
  • 作者相关作品
  • 分类相关作品
  • 丛书相关作品
  • 出版社相关作品

书目信息

  • 表格格式
  • 工作单格式
  • 卡片格式
题名:
环境与儿童健康:第3版
    
 
作者: ;颜崇淮 , 李廷玉 主译 ;美国儿科学会 主编
分册:  
出版信息: 上海   世界图书出版公司上海公司  2017.06
页数: 1008页
开本: 21cm
丛书名:
单 册:
中图分类: X503.1
科图分类:
主题词: 环境影响--儿童--健康
电子资源:
ISBN: 978-7-5192-2859-0
000 01490nam0 2200265 450
001 1340
005 20180929083257.64
010    @a978-7-5192-2859-0@b精装@dCNY230.00
100    @a20170905d2017 em y0chiy50 ea
101 1  @achi@ceng
102    @aCN@b110000
105    @ay z 001yy
200 1  @a环境与儿童健康:第3版@Ahuan jing yu er tong jian kang:di 3 ban@9huan jing yu er tong jian kang@f美国儿科学会环境健康委员会主编@g颜崇淮,李廷玉主译
205    @a3版
210    @a上海@c世界图书出版公司上海公司@d2017.06
215    @a1008页@d21cm
300    @a本书是美国儿科学会于2011年出版的Pediatric environmental health(3rd Edition)的简体中文翻译版
330    @a本书是第一本系统介绍各种环境因素对儿童生长发育及疾病影响的高级参考书,也是美国儿科学会推出的环境对儿童健康危害的预防和处理指南。本书第三版已经在前两版基础上修订,并增加了许多内容。涉及从操场教室,家里的小环境到整个城市国家的大环境中对健康可能产生危害的各种因素,包括来自水、土壤、及空气的各种污染物,这些污染物无时无刻不在影响着孩子们的健康。然而,国内的医生对环境健康问题没有足够的认识,也缺乏预防和处理各种儿童环境健康问题的知识。本书比较全面地论述了各种与环境和儿童健康相关的暴露因素及其危害,比如辐射、紫外线、农药、哮喘、铅、烟草等等。
606 0  @a环境影响@x儿童@x健康
690    @aX503.1@v5
702  0 @a颜崇淮@9yan chong huai@4主译
702  0 @a李廷玉@9li ting yu@4主译
711 02 @a美国儿科学会@9mei guo er ke xue hui@b环境健康委员会@4主编
801  0 @aCN@b91MARC@c20170905
905    @aMuseLib@dX503.1@e179=3
    
    环境与儿童健康:第3版/美国儿科学会环境健康委员会主编/颜崇淮,李廷玉主译.-3版.-上海:世界图书出版公司上海公司,2017.06
    1008页;21cm
    本书是美国儿科学会于2011年出版的Pediatric environmental health(3rd Edition)的简体中文翻译版
    
    ISBN 978-7-5192-2859-0(精装):CNY230.00
    本书是第一本系统介绍各种环境因素对儿童生长发育及疾病影响的高级参考书,也是美国儿科学会推出的环境对儿童健康危害的预防和处理指南。本书第三版已经在前两版基础上修订,并增加了许多内容。涉及从操场教室,家里的小环境到整个城市国家的大环境中对健康可能产生危害的各种因素,包括来自水、土壤、及空气的各种污染物,这些污染物无时无刻不在影响着孩子们的健康。然而,国内的医生对环境健康问题没有足够的认识,也缺乏预防和处理各种儿童环境健康问题的知识。本书比较全面地论述了各种与环境和儿童健康相关的暴露因素及其危害,比如辐射、紫外线、农药、哮喘、铅、烟草等等。
●
相关链接 在E读中查询图书 在五车中查询图书 在当当中查询图书 在豆瓣中查询图书


正题名:环境与儿童健康:第3版     索取号:X503.1/179=3         预约/预借

序号 登录号 条形码 馆藏地/架位号 状态 备注
1 1122155   211221550   第二样本阅览室/ [索取号:X503.1/179=3] 在馆    
2 1122156   211221569   密集书库-生命科学系/ [索取号:X503.1/179=3] 在馆    
唐山师范学院图书馆 欢迎您!
大连网信软件有限公司© 版权所有